000
00189 a2200097 4500
245
_a
C++ how to program
250
_a
6th Ed
700
_a
HM Deitel
_9
555
942
_c
BK
100
_a
Deitel PJ
_9
556
999
_c
91
_d
91